| 000 | 00645cam a2200253 4500 | ||
|---|---|---|---|
| 001 | B649 | ||
| 008 | 090401t1986 xxu||||| |||| 00| 0 eng d | ||
| 035 | _a(Sirsi) u37143 | ||
| 041 | _aeng | ||
| 050 | _a333.720285 | ||
| 100 | _aBaldwin, R. | ||
| 245 | _aInvesting in energy efficiency : 1. Appraisal techniques and assumptions | ||
| 260 |
_aGarston,Watford _bBRE _c1986 |
||
| 300 | _a(4)p. : ill. ; 30cm. | ||
| 350 | _a0 | ||
| 490 |
_aBRE Information Paper _v17/86 |
||
| 650 | _aBREDEM | ||
| 650 | _aHEATING | ||
| 650 | _aHOUSING | ||
| 650 | _aINVESTMENT APPRAISAL | ||
| 700 | _aAtkinson, G. | ||
| 942 | _n0 | ||
| 948 | _c04/03/1997 | ||
| 999 |
_c90443 _d90443 |
||